01520nam a22003134a 4500001001200000003000800012006001900020007001500039008004100054010001700095020001500112040002100127035002000148050002900168082001600197110010200213245029300315260005600608300002200664490002300686504005200709533015200761650004700913650003600960655002900996710001701025830003801042856012601080ebr10068407CaPaEBRm u cr cn|||||||||010613s2000 dcua sb 000 0 eng  z 2001271079 z0309072557 aCaPaEBRcCaPaEBR a(OCoLC)7073828814aRA1242.D494bN386 2000eb04a363.6/12222 aNational Research Council (U.S.).bSubcommittee on the Toxicity of Diisopropyl Methylphosphonate.10aRe-evaluation of drinking-water guidelines for disopropyl methylphosphonateh[electronic resource] /cSubcommitee on the Toxicity of Diisopropyl Methylphosphonate, Committee on Toxicity, Board on Environmental Studies and Toxicity, Commission on Life Sciences, National Research Council. aWashington, D.C. :bNational Academy Press,cc2000. axv, 32 p. :bill.1 aThe Compass series aIncludes bibliographical references (p. 27-29). aElectronic reproduction.bPalo Alto, Calif. :cebrary,d2013.nAvailable via World Wide Web.nAccess may be limited to ebrary affiliated libraries. 0aDiisopropyl methylphosphonatexToxicology. 0aSarinxDerivativesxToxicology. 7aElectronic books.2local2 aebrary, Inc. 0aCompass series (Washington, D.C.)40uhttp://site.ebrary.com/lib/rucke/Doc?id=10068407zAn electronic book accessible through the World Wide Web; click to view